Every city in Santa Fe, Argentina - Statistics

General Stats
  • This quiz has been taken 196 times
  • The average score is 37 of 384
Answer Stats
City name Population % Correct
Santa Fe 391,164
100%
Rosario 948,312
92%
Rafaela 91,571
81%
Venado Tuerto 75,437
77%
San Lorenzo 45,958
62%
Villa Constitución 47,374
58%
Vera 19,185
54%
Santo Tomé 65,684
50%
Gálvez 19,061
46%
Villa Gobernador Gálvez 80,769
46%
Cañada de Gómez 29,205
42%
Funes 23,281
42%
Granadero Baigorria 36,994
42%
Reconquista 70,549
42%
Sunchales 20,537
42%
Tostado 14,582
42%
Armstrong 11,181
38%
Casilda 34,703
38%
Coronda 16,873
38%
Esperanza 40,145
38%
Firmat 19,757 | 28
38%
Las Parejas 12,375
38%
San Cristóbal 14,389
38%
Cayastá 3,367
35%
Roldán 14,113
35%
San Justo 21,624
35%
Ceres 14,499
31%
Helvecia 5,756
31%
Las Rosas 13,068
31%
Recreo 12,774
31%
Rufino 18,727
31%
Sauce Viejo 7,953
31%
Arroyo Seco 20,620
27%
Carcarañá 16,277
27%
El Trébol 11,086
27%
Empalme Villa Constitución 6,241
27%
Pérez 26,448
27%
San Carlos Centro 10,717
27%
San Javier 13,604
27%
Villa Cañás 8,821
27%
Villa Ocampo 15,037
27%
Arequito 6,533
23%
Arroyo Leyes 2,420
23%
Avellaneda 23,341
23%
Capitán Bermúdez 29,218
23%
Franck 5,109
23%
Frontera 10,520
23%
Los Amores 1,052
23%
Los Zapallos 873
23%
Pujato 3,370
23%
San Carlos Norte 812
23%
San Jerónimo Norte 5,962
23%
Elortondo 5,632
19%
Fighiera 4,034
19%
Fray Luis Beltrán 15,176
19%
Hughes 4,598
19%
Laguna Paiva 12,334
19%
Melincué 2,139
19%
Moisés Ville 2,318
19%
Monte Vera 5,726
19%
Nelson 4,206
19%
San Genaro 4,070
19%
San Jorge 17,615
19%
San José de la Esquina 6,775
19%
San José del Rincón 10,176
19%
Totoras 9,054
19%
Villa Guillermina 4,555
19%
Arocena 1,608
15%
Humboldt 3,999
15%
Ibarlucea 3,698 | 30
15%
Llambi Campbell 2,260
15%
Los Quirquinchos 2,462
15%
Máximo Paz 3,441
15%
Piñero 1,146
15%
Ricardone 2,570
15%
Romang 7,755
15%
Santa Teresa 3,039
15%
Serodino 3,263
15%
Teodelina 5,933
15%
Tortugas 2,234
15%
Zavalla 4,966
15%
Acebal 4,969
12%
Alcorta 7,450
12%
Aldao 1,576 | 587
12%
Arroyo Ceibal 622
12%
Ataliva 1,680
12%
Barrio Caima 1,655
12%
Bigand 4,939
12%
Bombal 3,137
12%
Calchaquí 9,651
12%
Cañada Ombú 518
12%
Cañada Rosquín 5,008
12%
Chañar Ladeado 5,415
12%
Chovet 2,101
12%
Florencia 5,982
12%
Gaboto 2,788
12%
Gobernador Crespo 5,335
12%
Gregoria Pérez de Denis 1,358
12%
Hersilia 2,780
12%
La Pelada 1,037
12%
Las Toscas 10,838
12%
López 1,368
12%
Los Molinos 1,832
12%
Malabrigo 6,734
12%
Margarita 3,534
12%
María Susana 3,197
12%
Pavón 876
12%
Piamonte 3,336
12%
Pozo Borrado 980
12%
Pueblo Esther 6,789
12%
Puerto General San Martín 13,243
12%
Salto Grande 1,944
12%
San Carlos Sud 1,927
12%
San Jerónimo del Sauce 742
12%
San Jerónimo Sud 2,641
12%
San Martín de las Escobas 2,299
12%
Santa Rosa de Calchines 3,435
12%
Sa Pereira 1,533
12%
Soldini 2,577
12%
Susana 1,002
12%
Villa Ana 2,696
12%
Villa Minetti 4,876
12%
Aarón Castellanos 236
8%
Alejandra 2,962
8%
Álvarez 5,417
8%
Alvear 2,402
8%
Angélica 1,298
8%
Arminda 288
8%
Arrufó 1,764
8%
Arteaga 3,089
8%
Berabevú 2,225
8%
Cañada del Ucle 698
8%
Carlos Pellegrini 4,971
8%
Carmen 1,611
8%
Carreras 1,906
8%
Castellanos 226
8%
Cepeda 349
8%
Chabás 6,871
8%
Chapuy 571
8%
Correa 5,792
8%
Cuatro Esquinas 174
8%
Emilia 691
8%
Empalme San Carlos 125
8%
Fortín Olmos 1,991
8%
Fuentes 2,791
8%
Gato Colorado 998
8%
General Lagos 3,419
8%
Gödeken 1,652
8%
Godoy 1,189
8%
Humberto Primo 4,751
8%
Intiyaco 1,132
8%
Las Garzas 1,123
8%
Lucio V. López 485
8%
Monje 1,838
8%
Murphy 3,630
8%
Pavón Arriba 1,834
8%
Pueblo Andino 1,784
8%
Puerto Reconquista 1,144
8%
Sanford 1,810
8%
San Gregorio 4,291
8%
San Guillermo 6,747
8%
Santa Clara de Saguier 2,117
8%
Santo Domingo 1,470
8%
Sargento Cabral 1,007
8%
Sastre 5,425
8%
Suardi 6,080
8%
Tartagal 1,599
8%
Vera y Pintado 997
8%
Videla 2,027
8%
Villa Mugueta 2,139
8%
Villa Trinidad 2,606
8%
Wheelwright 5,733
8%
Zenón Pereyra 1,637
8%
Aguará Grande 96
4%
Albarellos 253
4%
Ambrosetti 905
4%
Amenábar 1,605
4%
Angeloni 62
4%
Barrancas 4,650
4%
Bella Italia 1,070
4%
Bouquet 1,230
4%
Bustinza 1,098
4%
Cabal 54
4%
Cacique Ariacaiquín 142
4%
Cañada Rica 641
4%
Candioti 888
4%
Carmen del Sauce 531
4%
Carrizales 1,041
4%
Cayastacito 329
4%
Centeno 2,870
4%
Christophersen 499
4%
Classon 484
4%
Colonia Belgrano 908
4%
Coronel Bogado 2,204
4%
Curupaytí 220
4%
Desvío Arijón 946
4%
Diego de Alvear 1,855
4%
Elisa 1,490
4%
El Rabón 865
4%
Esmeralda 594
4%
Felicia 1,788
4%
Garabato 995
4%
Golondrina 563
4%
Irigoyen 950
4%
Josefina 676
4%
La Chispa 352
4%
La Criolla 1,963
4%
La Gallareta 2,189
4%
Landeta 1,357
4%
Larrechea 487
4%
La Rubia 299
4%
Las Palmeras 545
4%
Las Petacas 872
4%
Lazzarino 350
4%
Lehmann 2,416
4%
Logroño 630
4%
Loma Alta 225
4%
Los Cardos 1,310
4%
Los Nogales 152
4%
Luis Palacios 836
4%
Maciel 5,634
4%
Maggiolo 1,701
4%
María Juana 4,853
4%
María Luisa 579
4%
María Teresa 3,523
4%
Montes de Oca 2,655
4%
Naré 341
4%
Nueva Lehmann 90
4%
Nuevo Torino 425
4%
Oliveros 3,800
4%
Peyrano 2,517
4%
Pueblo Uranga 856
4%
Ramayón 550
4%
Saladero Mariano Cabal 588
4%
San Agustín 630
4%
San Bernardo 27 | 228
4%
Sancti Spiritu 3,433
4%
San Eduardo 928
4%
San Francisco de Santa Fe 279
4%
San Genaro Norte 4,661
4%
Santa Clara de Buena Vista 2,540
4%
Santa Isabel 4,266
4%
Santa Margarita 993
4%
San Vicente 5,655
4%
Sarmiento 1,098
4%
Soledad 1,083
4%
Tacural 1,169
4%
Theobald 421
4%
Timbúes 3,694
4%
Toba 266
4%
Vila 1,405
4%
Villa Eloísa 2,820
4%
Wildermuth 155
4%
Ángel Gallardo 856
0%
Arbilla 427
0%
Arroyo Aguiar 751
0%
Aurelia 113
0%
Balneario La Verde 8
0%
Balneario Monje 391
0%
Barrio Arroyo del Medio 310
0%
Barrio Cicarelli 28
0%
Barrio El Pacaá 12
0%
Barrio Mitre 816
0%
Barrios Acapulco y Veracruz 1,790
0%
Bauer y Sigel 290
0%
Berna 629
0%
Bernardo de Irigoyen 1,566
0%
Cafferata 1,449
0%
Campo Andino 313
0%
Capivara 102
0%
Casalegno 158
0%
Casas 729
0%
Castelar 614
0%
Cavour 137
0%
Colmena 141
0%
Colonia Ana 16
0%
Colonia Bicha 187
0%
Colonia Bossi 111
0%
Colonia Cello 118
0%
Colonia Dolores 502
0%
Colonia Durán 183
0%
Colonia Margarita 269
0%
Colonia Médici 13
0%
Colonia Raquel 123
0%
Colonia Rosa 562
0%
Constanza 129
0%
Coronel Arnold 857
0%
Coronel Fraga 330
0%
Coronel Rodolfo S. Domínguez 796
0%
Crispi 267
0%
Cululú 97
0%
Díaz 1,721
0%
Egusquiza 279
0%
El Arazá 550
0%
El Caramelo 155
0%
Estación Clucellas 782
0%
Estación Saguier 105
0%
Esteban Rams 169
0%
Esther 41
0%
Eusebia y Carolina 746
0%
Eustolia 22
0%
Garibaldi 142
0%
General Gelly 610
0%
Gessler 857
0%
Grutly 545
0%
Guadalupe Norte 654
0%
Hipatia 310
0%
Huanqueros 665
0%
Ingeniero Chanourdie 319
0%
Jacinto L. Aráuz 106
0%
Juan Bernabé Molina 1,265
0%
Juncal 941
0%
Kilómetro 101 36
0%
Kilómetro 115 182
0%
Labordeboy 928
0%
La Brava 329
0%
La Cabral 161
0%
La Isleta 210
0%
La Lucila 112
0%
Lanteri 907
0%
La Penca y Caraguatá 141
0%
Larguía 54
0%
La Sarita 483
0%
Las Avispas 46
0%
Las Bandurrias 172
0%
Las Tunas 360
0%
La Vanguardia 385
0%
Los Laureles 364
0%
Los Muchachos - La Alborada 129
0%
Marcelino Escalada 1,646
0%
Matilde 754
0%
Miguel Torres 373
0%
Monigotes 347
0%
Montefiore 146
0%
Monte Flores 166
0%
Ñanducita 79
0%
Palacios 245
0%
Paraje 29 185
0%
Paraje Chaco Chico 139
0%
Paraje La Costa 67
0%
Paraje San Manuel 164
0%
Pedro Gómez Cello 554
0%
Pilar 4,705
0%
Plaza Clucellas 1,530
0%
Plaza Matilde 29
0%
Plaza Saguier 262
0%
Pozo de los Indios 440
0%
Presidente Roca 524
0%
Progreso 2,118
0%
Providencia 663
0%
Pueblo Marini 51
0%
Pueblo Muñoz 497
0%
Pueblo Santa Lucía 185
0%
Puerto Aragón 213
0%
Puerto Arroyo Seco 413
0%
Ramona 1,694
0%
Rincón Potrero 589
0%
Rueda 471
0%
San Antonio 272
0%
San Antonio de Obligado 2,579
0%
San Eugenio 79
0%
San Fabián 820
0%
San Mariano 218
0%
San Martín Norte 563
0%
Santurce 32
0%
Silva 360
0%
Stephenson 54
0%
Tacuarendí 2,586
0%
Traill 65
0%
Villa Amelia 835
0%
Villada 1,213
0%
Villa del Plata 259
0%
Villa Elvira 297
0%
Villa Josefina 112
0%
Villa la Rivera 82 | 326
0%
Villa Laura 268
0%
Villa San José 220
0%
Villa Saralegui 513
0%
Virginia 151
0%
No matching quizzes found
Score Distribution
Percent of People with Each Score
Percentile by Number Answered
Your Score History
You have not taken this quiz